[Event "New York op"]
[Site "New York"]
[Date "1997.??.??"]
[Round "?"]
[White "Sokolov, Ivan"]
[Black "Kaufman, Larry C"]
[Result "1-0"]
[WhiteElo "2615"]
[BlackElo "2405"]

1.d4 Nf6 2.c4 g6 3.Nc3 Bg7 4.e4 d6 5.Nf3 O-O 6.Be2 Na6 7.O-O e5 8.Be3 Ng4
9.Bg5 Qe8 10.dxe5 dxe5 11.h3 h6 12.Bd2 Nf6 13.Be3 Nh5 14.Re1 Nf4 15.Bf1 c6
16.Rb1 Qe7 17.a3 Rd8 18.Qc2 Nc5 19.Rbd1 Nce6 20.Rxd8+ Qxd8 21.Qd1 Qc7 22.g3 Nh5
23.c5 Bd7 24.Qa4 a6 25.Rd1 Rf8 26.Rd6 Kh7 27.Nd5 cxd5 28.Rxd7 Nxc5 29.Rxc7 Nxa4
30.exd5 e4 31.Nd2 b5 32.Nxe4 Bxb2 33.Nc5 Bxa3 34.Ne6 Re8 35.Rxf7+ Kg8 36.Ra7 Nc3
37.Rxa6 Bb4 38.Bxh6 Nxd5 39.Bxb5 Rc8 40.Bd7 Rb8 41.Ng5 Ne7 42.Be6+ Kh8 43.Nf7+ Kh7
44.Be3 Bc3 45.Ra7 Bf6 46.g4 Ng7 47.g5 Nxe6 48.gxf6 Nc6 49.Ng5+ Kg8 50.f7+ Kh8
51.Nxe6 Nxa7 52.Bxa7  1-0

[Event "Newport Masters"]
[Site "Newport"]
[Date "1997.??.??"]
[Round "2"]
[White "Kelly, Bryan"]
[Black "Beaumont, Chris"]
[Result "0-1"]
[WhiteElo "2390"]
[BlackElo "2345"]

1.c4 g6 2.Nc3 Bg7 3.d4 Nf6 4.e4 d6 5.Nf3 O-O 6.Be2 e5 7.O-O exd4 8.Nxd4 Re8
9.f3 c6 10.Kh1 Nbd7 11.Nc2 Nb6 12.Bg5 h6 13.Bh4 Be6 14.Ne3 g5 15.Bf2 d5 16.exd5 cxd5
17.c5 d4 18.cxb6 dxc3 19.bxc3 axb6 20.Bb5 Qxd1 21.Nxd1 Rec8 22.Bxb6 Rxa2
23.Rxa2 Bxa2 24.Bd4 Nd5 25.h4 Bb3 26.Nf2 Nxc3 27.Bxc3 Bxc3 28.hxg5 hxg5 29.Rc1 Rc5
30.Ne4 Rxb5 31.Rxc3 Be6 32.Kh2 Re5 33.Nc5 b6 34.Nxe6 Rxe6 35.Rc8+ Kg7 36.Rb8 Kf6
37.Rb7 Rc6 38.Kg3 Ke6 39.f4 gxf4+ 40.Kxf4 f6 41.Ke4 Rc4+ 42.Kd3 Rb4 43.Ke3 f5
44.g3 Ke5 45.Re7+ Kd6 46.Rf7 Re4+ 47.Kf3 Re5 48.Kf4 b5 49.Rb7 Rd5 50.g4 fxg4
51.Kxg4 Kc6 52.Rb8 Re5 53.Kf4 Re7 54.Rc8+ Kd5 55.Rd8+ Kc4 56.Rc8+ Kb3 57.Rc1 b4
58.Rb1+ Kc3  0-1

[Event "Nigran"]
[Site "Nigran"]
[Date "1997.??.??"]
[Round "5"]
[White "Adla, Diego"]
[Black "Gabaldon, Miguel"]
[Result "1-0"]
[WhiteElo "2445"]
[BlackElo "2250"]

1.d4 Nf6 2.c4 g6 3.Nc3 Bg7 4.e4 d6 5.Be2 O-O 6.Nf3 e5 7.O-O Nbd7 8.Qc2 c6
9.Rd1 Qe7 10.d5 c5 11.g3 Ne8 12.Nh4 Nc7 13.a3 Nf6 14.b4 b6 15.bxc5 bxc5 16.Rb1 Kh8
17.Bg5 Qd7 18.Rf1 Ng8 19.Nd1 Qe8 20.Bd3 Bh3 21.Re1 Qc8 22.f3 Bd7 23.Bd2 Qa6
24.Nc3 Rab8 25.a4 Ra8 26.Nb5 Ne8 27.f4 Qc8 28.Bc3 a6 29.Na3 Rb8 30.a5 Rxb1
31.Nxb1 f6 32.f5 Ne7 33.Bd2 Rf7 34.Nc3 g5 35.Ng2 Ng8 36.Be2 Nc7 37.Rb1 Na8
38.Kf2 Re7 39.Rb2 Be8 40.Qb1 Ra7 41.Rb8 Qd7 42.Bd1 Qf7 43.Ba4 Bxa4 44.Nxa4 Qc7
45.h4 Bh6 46.hxg5 Bxg5 47.Bxg5 fxg5 48.f6 Qxa5 49.Rxg8+ Kxg8 50.Qb8+ Kf7
51.Qxa7+ Kxf6 52.Ne3 Qd2+ 53.Kf3 h5 54.g4 hxg4+ 55.Nxg4+ Kg6 56.Nf2 g4+ 57.Kg2 g3
58.Kxg3 Qf4+ 59.Kg2 Qg5+ 60.Kf3 Qh5+ 61.Ke3  1-0

[Event "Nigran"]
[Site "Nigran"]
[Date "1997.??.??"]
[Round "7"]
[White "Adla, Diego"]
[Black "Miguel, Victor"]
[Result "1-0"]
[WhiteElo "2445"]
[BlackElo "2285"]

1.d4 Nf6 2.c4 g6 3.Nc3 Bg7 4.e4 d6 5.Be2 O-O 6.Nf3 Na6 7.O-O e5 8.Be3 Ng4
9.Bg5 Qe8 10.dxe5 Nxe5 11.Nd4 h6 12.Be3 Kh7 13.f4 Nc6 14.Qd2 Nc5 15.Bf3 Nxd4
16.Bxd4 Bxd4+ 17.Qxd4 Ne6 18.Qd2 Qc6 19.b3 Qc5+ 20.Rf2 Bd7 21.Rd1 Bc6 22.Nd5 f6
23.g3 Rf7 24.Kg2 Ng7 25.Qc3 Bxd5 26.Rxd5 Qb6 27.Rb5 Qa6 28.e5 Rb8 29.exf6 Ne8
30.f5 Nxf6 31.fxg6+ Kxg6 32.a4 c5 33.a5 b6 34.Qd3+ Kg7 35.Qxd6 Rc8 36.axb6 axb6
37.Rxb6 Qa1 38.Bd5 Rff8 39.Qe7+ Kg6 40.Be4+  1-0

[Event "JUG-chT"]
[Site "Niksic"]
[Date "1997.??.??"]
[Round "3"]
[White "Miladinovic, Igor"]
[Black "Djuric, Stefan"]
[Result "0-1"]
[WhiteElo "2500"]
[BlackElo "2545"]

1.d4 g6 2.c4 Nf6 3.Nc3 Bg7 4.e4 O-O 5.Nf3 d6 6.Be2 c6 7.O-O e5 8.Re1 Nbd7
9.Bf1 Qe7 10.Rb1 Nh5 11.Bg5 f6 12.Be3 Kh8 13.b4 exd4 14.Nxd4 Ne5 15.Be2 Qf7
16.Rc1 a5 17.bxa5 Rxa5 18.Nb3 Ra8 19.f4 Nxc4 20.Bxc4 Qxc4 21.g4 Bxg4 22.Qxg4 f5
23.Qg2 Qb4 24.Bd2 Qb6+ 25.Kh1 fxe4 26.Rxe4 d5 27.Re6 d4 28.Nd5 Qd8 29.Ne7 Rxa2
30.Qe4 Rb2 31.Rc5 Rxb3 32.Rxg6 Nf6 33.Qe6 hxg6  0-1

[Event "JUG-chT"]
[Site "Niksic"]
[Date "1997.??.??"]
[Round "3"]
[White "Nikcevic, Nebojsa"]
[Black "Damljanovic, Branko"]
[Result "0-1"]
[WhiteElo "2525"]
[BlackElo "2540"]

1.d4 Nf6 2.c4 g6 3.Nc3 Bg7 4.e4 d6 5.Nf3 O-O 6.Be2 e5 7.O-O c6 8.d5 Na6 9.Nd2 Bd7
10.Rb1 c5 11.a3 Ne8 12.b4 f5 13.bxc5 Nxc5 14.Nb3 Na4 15.Nxa4 Bxa4 16.exf5 gxf5
17.Qe1 b6 18.Qb4 Bd7 19.Bb2 f4 20.Nd2 Bf5 21.Rbe1 Nf6 22.Qb3 Nd7 23.a4 Nc5
24.Qa3 Qd7 25.Bf3 Nxa4 26.Be4 Bxe4 27.Rxe4 Nc5 28.Re2 Rf6 29.Qf3 Rg6 30.Ba3 Nb7
31.Ne4 Rc8 32.Rc1 Bf8 33.h4 Be7 34.h5 Rg7 35.Kh2 Rf8 36.Rh1 Nd8 37.Kg1 Nf7
38.Kf1 Qa4 39.Qd3 Qd7 40.Qh3 Qxh3 41.Rxh3 Ng5 42.Nxg5 Rxg5 43.f3 Rc8 44.Re4 Kf7
45.Kf2 b5 46.Rh1 bxc4 47.Rc1 Rcg8 48.Rg1 Bd8  0-1

[Event "JUG-ch52"]
[Site "Niksic"]
[Date "1997.??.??"]
[Round "5"]
[White "Ivanisevic, Ivan"]
[Black "Popovic, Petar"]
[Result "1/2-1/2"]
[WhiteElo "2450"]
[BlackElo "2545"]

1.d4 Nf6 2.c4 g6 3.Nc3 Bg7 4.e4 d6 5.Nf3 O-O 6.Be2 e5 7.dxe5 dxe5 8.Qxd8 Rxd8
9.Bg5 Nbd7 10.O-O-O Rf8 11.Nd5 Nxe4 12.Be3 Ndc5 13.Nxc7 Rb8 14.b4 Na4 15.Bxa7 Bf5
16.Bd3 Rbc8 17.Nd5 Ra8 18.Be3 Nec3 19.Bxf5 Nxd1 20.Rxd1 gxf5 21.Kc2 f4 22.Bc1 Rfd8
23.c5 f6 24.g3 fxg3 25.hxg3 Kf7 26.Kb3 Bf8 27.Be3 Rd7 28.Nc3 Rxd1 29.Nxd1 Ke6
30.Kc4 h5 31.Kb5 Be7 32.Bc1 Kd5 33.Nd2 Nxc5 34.bxc5 Bxc5 35.Nc3+ Kd4 36.Bb2 Be7
37.Nc4 Rc8 38.Na4+ Kd3 39.Ne3 Ke2 40.Nf5 Bf8 41.Nc3+ Kf3 42.Kb6 Rc4 43.Ba1 Rb4+
44.Kc7 Bc5 45.Kd7 Bxf2 46.Nd5 Ra4 47.Nxf6 Bd4 48.Nxd4+ exd4 49.Bxd4 Rxd4+
50.Kc7 b5 51.Kc6 Kxg3 52.Nxh5+ Kg4 53.Kxb5 Rd5+ 54.Kb6 Rxh5 55.a4 Rh6+ 56.Kb7 Rh5
57.Kb6 Rh6+ 58.Kb7 Rh7+ 59.Kb6 Kf5 60.a5 Rh6+  1/2-1/2

[Event "JUG-chT"]
[Site "Niksic"]
[Date "1997.??.??"]
[Round "6"]
[White "Komarov, Dimitri"]
[Black "Dimitrov, Vladimir"]
[Result "1-0"]
[WhiteElo "2600"]
[BlackElo "2470"]

1.d4 Nf6 2.c4 g6 3.Nc3 Bg7 4.e4 d6 5.Nf3 O-O 6.Be2 Na6 7.O-O e5 8.Re1 c6
9.Bf1 exd4 10.Nxd4 Ng4 11.h3 Qb6 12.hxg4 Qxd4 13.g5 Nc5 14.Qf3 Qe5 15.Bf4 Qe7
16.Qg3 Be5 17.Rad1 f6 18.gxf6 Qxf6 19.Bxe5 dxe5 20.b4 Na6 21.a3 Nc7 22.c5 Be6
23.Rd6 Ne8 24.Rd3 Qf4 25.Qxf4 Rxf4 26.Red1 Rf8 27.f3 Kf7 28.Na4 Ke7 29.Nb2 Nf6
30.Rd6 Rad8 31.Bc4 Rxd6 32.Rxd6 Bc8 33.Bb3 Ne8 34.Rd3 Nc7 35.Nc4 Kf6 36.Rd6+ Ne6
37.Na5 Rf7 38.Bxe6 Bxe6 39.Rd8 h5 40.Kf2 h4 41.Rb8 Rd7 42.Ke2 Kg5 43.Rxb7 Rxb7
44.Nxb7 Kf4 45.Kf2 g5 46.Nd8 Bd7 47.Nf7 a6 48.Nh6 Be6  1-0

[Event "JUG-chT"]
[Site "Niksic"]
[Date "1997.??.??"]
[Round "8"]
[White "Laketic, Gojko"]
[Black "Damljanovic, Branko"]
[Result "1/2-1/2"]
[WhiteElo "2425"]
[BlackElo "2540"]

1.d4 Nf6 2.c4 g6 3.Nc3 Bg7 4.e4 d6 5.Nf3 O-O 6.Be2 e5 7.d5 a5 8.Bg5 h6 9.Bh4 Na6
10.Nd2 Qe8 11.O-O Bd7 12.Rb1 Nh7 13.b3 h5 14.f3 Bh6 15.a3 Be3+ 16.Bf2 Bxf2+
17.Rxf2 Qe7 18.Qc1 Nf6 19.b4 axb4 20.axb4 c5 21.bxc5 Nxc5 22.Nb3 b6 23.Na1 Rxa1
24.Rxa1 Nb3 25.Qa3 Nxa1 26.Bf1 Rb8 27.Ra2 Be8 28.Rxa1 Qc7 29.h4 Qe7 30.Qb4 Kg7
31.Ra6 Nd7 32.Nd1 Nc5 33.Rxb6 Na6 34.Qxd6 Qxd6 35.Rxd6 Nc5 36.Nf2 Kf8 37.f4 exf4
38.Rf6 Ke7 39.Rxf4 Kd6 40.Nd3 Nxd3 41.Bxd3 Ke5 42.Rf3 Kd4 43.Kf2 Rb2+ 44.Kg3 Rd2
45.Bf1 Kxe4 46.Ra3 f5 47.Ra7 f4+ 48.Kh2 Kf5 49.Re7 Ba4 50.Be2 Bb3 51.Bf3 Bxc4
52.Be4+ Kg4 53.Re6 Kxh4 54.Rxg6 Be2 55.Rf6 Kg5 56.Rg6+ Kh4 57.Rf6 Kg5 58.Rg6+ Kh4
59.Rf6 Kg5 60.Rg6+ Kh4 61.Rf6 Kg5 62.Rg6+ Kh4 63.Rf6 Kg5 64.Rg6+ Kh4 65.Rf6 Kg5  1/2-1/2

[Event "JUG-chT"]
[Site "Niksic"]
[Date "1997.??.??"]
[Round "10"]
[White "Vukanovic, Sasa"]
[Black "Ristic, Nebojsa"]
[Result "1/2-1/2"]
[WhiteElo "2410"]
[BlackElo "2440"]

1.Nf3 Nf6 2.c4 g6 3.Nc3 Bg7 4.e4 d6 5.d4 O-O 6.Be2 e5 7.Be3 c6 8.d5 Ng4 9.Bg5 f6
10.Bh4 h5 11.Nd2 Na6 12.a3 c5 13.Rb1 Qd7 14.h3 Nh6 15.Bd3 Nc7 16.b4 Ne8 17.f3 f5
18.Qa4 Qxa4 19.Nxa4 b6 20.Nc3 Bf6 21.Bxf6 Rxf6 22.g4 Nf7 23.exf5 gxf5 24.g5 Rg6
25.h4 Rg7 26.Ne2 Kh7 27.Ng3 Kg6 28.O-O Rg8 29.f4 Ng7 30.Nde4 exf4 31.Nf6 Rh8
32.Rxf4 Nxg5 33.hxg5 Kxg5 34.Rbf1 Kxf6 35.Nxf5  1/2-1/2

[Event "JUG-ch52"]
[Site "Niksic"]
[Date "1997.??.??"]
[Round "11"]
[White "Gligoric, Svetozar"]
[Black "Ilincic, Zlatko"]
[Result "0-1"]
[WhiteElo "2465"]
[BlackElo "2565"]

1.d4 Nf6 2.c4 g6 3.Nc3 Bg7 4.e4 d6 5.Nf3 O-O 6.Be2 e5 7.O-O Nh5 8.g3 Bh3
9.Re1 exd4 10.Nxd4 Nf6 11.Be3 Nbd7 12.f3 Ne5 13.Rc1 a6 14.b4 c6 15.Nb3 Re8
16.Bf2 h5 17.c5 d5 18.exd5 cxd5 19.Nd4 Qd7 20.Na4 Rad8 21.Nb6 Qc7 22.Bf1 Bxf1
23.Kxf1 h4 24.Kg2 Nc6 25.Qd2 Ne4 26.fxe4 dxe4 27.Rc4 Bxd4 28.Bxd4 Qe5 29.Bxe5 Rxd2+
30.Kh3 Rxe5 31.Rcxe4 Rxe4 32.Rxe4 hxg3 33.hxg3 Rxa2 34.g4 Ra3+ 35.Kg2 Rd3
36.Nc8 Rb3 37.Nd6 Rxb4 38.Rxb4 Nxb4 39.Nxb7 Nc6 40.Kf3 a5 41.Nd6 a4 42.Nc4 Kf8
43.Ke4 Ke7 44.Kd5 Nb4+ 45.Kd4 Ke6 46.Kc3 Nc6 47.g5 Kd5 48.Nb6+ Kxc5 49.Nxa4+ Kd5
50.Kd3 Ke5 51.Nc3 Kf4  0-1

[Event "NOR-chT"]
[Site "NOR"]
[Date "1997.??.??"]
[Round "7"]
[White "Jaeger, Frode Bull"]
[Black "Hagesaether, Ellen"]
[Result "1/2-1/2"]
[WhiteElo "2020"]
[BlackElo "2045"]

1.d4 Nf6 2.c4 g6 3.Nc3 Bg7 4.e4 d6 5.Be2 O-O 6.Nf3 e5 7.O-O Nbd7 8.Be3 c6
9.d5 Qc7 10.Ne1 Ne8 11.f3 f5 12.dxc6 bxc6 13.b4 Ndf6 14.c5 Be6 15.cxd6 Nxd6
16.Qc2 Rfd8 17.Nb5 Qd7 18.Nxd6 Qxd6 19.Bc5 Qd2 20.Bc4 Bxc4 21.Qxc4+ Kh8 22.Rf2 Qd7
23.Re2 Ne8 24.Qc2 Nc7 25.Be3 Nb5 26.Rd2 Nd4 27.Bxd4 exd4 28.Nd3 fxe4 29.fxe4 a5
30.Rb1 axb4 31.Rxb4 Rdb8 32.Rc4 Rb6 33.a4 Rab8 34.Rd1 Qe7 35.Rxc6 Rxc6 36.Qxc6 Qg5
37.Qc1 Qg4 38.Nf2 Qe2 39.Rd2 Qa6 40.Qd1 Rd8  1/2-1/2

[Event "Nova Gorica op"]
[Site "Nova Gorica"]
[Date "1997.??.??"]
[Round "2"]
[White "Kozul, Zdenko"]
[Black "Fercec, Nenad"]
[Result "1-0"]
[WhiteElo "2590"]
[BlackElo "2430"]

1.d4 Nf6 2.Nf3 g6 3.c4 Bg7 4.Nc3 O-O 5.e4 d6 6.Be2 Na6 7.O-O e5 8.Be3 Qe8
9.dxe5 dxe5 10.c5 Ng4 11.Bxa6 Nxe3 12.fxe3 bxa6 13.Nd5 Rb8 14.Nxc7 Qc6 15.Nd5 Qxc5
16.Rc1 Qd6 17.Rc7 Kh8 18.Ng5 Be6 19.Rcxf7 Bxf7 20.Nxf7+ Rxf7 21.Rxf7 Rxb2
22.Qa4 Rb1+ 23.Kf2 Qd8 24.Re7 Qf8+ 25.Kg3 Rb5 26.Rxa7 Rb2 27.Kh3 Qc8+ 28.Qd7 Qxd7+
29.Rxd7 h5 30.Rd6 Rxa2 31.Rxg6 a5 32.Kh4 a4 33.Kxh5 a3 34.h4  1-0

[Event "Nova Gorica op"]
[Site "Nova Gorica"]
[Date "1997.??.??"]
[Round "3"]
[White "Timoshchenko, Gennadi A"]
[Black "Kozul, Zdenko"]
[Result "1/2-1/2"]
[WhiteElo "2515"]
[BlackElo "2590"]

1.Nf3 Nf6 2.c4 g6 3.Nc3 Bg7 4.e4 d6 5.d4 O-O 6.Be2 e5 7.Be3 exd4 8.Nxd4 Re8
9.f3 c6 10.Qd2 d5 11.exd5 cxd5 12.O-O Nc6 13.Rad1 Nxd4 14.Bxd4 dxc4 15.Bxc4 a6
16.Rfe1 Rxe1+ 17.Rxe1 Bf5 18.Bb3  1/2-1/2

[Event "Nova Gorica op"]
[Site "Nova Gorica"]
[Date "1997.??.??"]
[Round "9"]
[White "Tonon, Alessandro"]
[Black "Krstic, Uros"]
[Result "1/2-1/2"]
[WhiteElo "2140"]
[BlackElo "2270"]

1.d4 Nf6 2.c4 g6 3.Nc3 Bg7 4.e4 d6 5.Nf3 O-O 6.Be2 e5 7.d5 a5 8.Bg5 h6 9.Bh4 Na6
10.Nd2 Bd7 11.O-O Qc8 12.a3 Nh7 13.Kh1 h5 14.f3 Bh6 15.Rb1 Nc5 16.b3 Be3
17.Qc2 f5 18.exf5 Bxf5 19.Nde4 Qe8 20.b4 axb4 21.axb4 Nxe4 22.Nxe4 Qa4 23.Qd3 Bf4
24.g4 g5 25.gxf5 gxh4 26.Rg1+ Kh8 27.c5 Nf6 28.cxd6 cxd6 29.Rg6 Nh7 30.Nxd6 Qa2
31.Rbg1 Nf6 32.Qb5 Rad8 33.Qxb7 Rd7 34.Rxf6 Rxb7 35.Rxf8+ Kh7 36.Ne8 Bg3
37.hxg3 Qxe2 38.gxh4  1/2-1/2

[Event "Coca Cola op"]
[Site "Olanesti"]
[Date "1997.??.??"]
[Round "6"]
[White "Olarasu, Gabriela"]
[Black "Heutschi, Mihai"]
[Result "1-0"]
[WhiteElo "2355"]
[BlackElo "2140"]

1.d4 d6 2.Nf3 Nf6 3.c4 Nbd7 4.Nc3 e5 5.e4 g6 6.Be2 Bg7 7.O-O O-O 8.d5 a5
9.Bg5 h6 10.Bh4 g5 11.Bg3 Nc5 12.Nd2 Bd7 13.b3 Qc8 14.a3 Bg4 15.f3 Bh5 16.b4 axb4
17.axb4 Rxa1 18.Qxa1 Na6 19.Qa3 Nd7 20.Bf2 Bg6 21.c5 dxc5 22.bxc5 f5 23.c6 Ndb8
24.cxb7 Qxb7 25.Rb1 Qc8 26.exf5 Bxf5 27.Nce4 Rf7 28.Ra1 Bf8 29.Bxa6 Bxa3
30.Bxc8  1-0

[Event "RUS-chT"]
[Site "Orel"]
[Date "1997.??.??"]
[Round "?"]
[White "Iskusnyh, Sergei"]
[Black "Shtyrenkov, Veniamen"]
[Result "1/2-1/2"]
[WhiteElo "2440"]
[BlackElo "2455"]

1.Nf3 Nf6 2.c4 g6 3.Nc3 Bg7 4.e4 d6 5.d4 O-O 6.Be2 e5 7.O-O Nbd7 8.Be3 c6
9.Qc2 Ng4 10.Bg5 f6 11.Bc1 f5 12.d5 Nc5 13.Nd2 Nf6 14.Bf3 Na6 15.a3 c5 16.Rb1 f4
17.b4 g5 18.Bd1 g4 19.Re1 Bd7 20.Qd3 Qe8 21.Nb5 Qe7 22.Nf1 Rf7 23.Bd2 Kh8
24.Bc2 h5 25.Qc3 b6 26.g3 Nh7 27.h4 gxh3 28.Nh2 Bh6 29.Kh1 Rg8 30.Rg1 fxg3
31.fxg3 Bxd2 32.Qxd2 Bg4 33.Rgf1 Rfg7 34.Rb3 Nb8 35.bxc5 bxc5 36.Nxg4 hxg4
37.Rbb1 Rf8 38.Qh6 Rgf7 39.Rf5 Rf6 40.Qe3 a6 41.Nc3 Nd7 42.Rb7 Qd8 43.Nd1 R8f7
44.Nf2 Rg7 45.Bd1 Qc8 46.Qb3 Rxf5 47.exf5 Nhf6 48.Bc2 Qd8 49.Qe3 Kg8 50.Ba4 Kh7
51.Bc2 e4 52.Nxe4 Nxe4 53.Bxe4 Nf6 54.Rxg7+ Kxg7 55.Qg5+ Kf8 56.Qh6+ Kf7
57.Qe3  1/2-1/2

[Event "RUS-chT"]
[Site "Orel"]
[Date "1997.??.??"]
[Round "?"]
[White "Rychagov, Andrei"]
[Black "Zaitsev, Vadim"]
[Result "0-1"]
[WhiteElo "2455"]
[BlackElo "2325"]

1.d4 Nf6 2.c4 g6 3.Nc3 Bg7 4.e4 d6 5.Nf3 O-O 6.Be2 e5 7.O-O exd4 8.Nxd4 Re8
9.f3 Nc6 10.Be3 Nh5 11.Qd2 Nf4 12.Rfd1 Bxd4 13.Bxd4 Qg5 14.Bf1 Nxd4 15.Qxd4 Bh3
16.Nd5  0-1

[Event "RUS-chT"]
[Site "Orel"]
[Date "1997.??.??"]
[Round "?"]
[White "Kiriakov, Petr"]
[Black "Isupov, Vladimir"]
[Result "1/2-1/2"]
[WhiteElo "2530"]
[BlackElo "2375"]

1.d4 Nf6 2.c4 g6 3.Nc3 Bg7 4.e4 d6 5.Nf3 O-O 6.Be2 e5 7.O-O Na6 8.Be3 c6
9.d5 Ng4 10.Bg5 f6 11.Bh4 c5 12.Ne1 Nh6 13.Nd3 Qe8 14.Rb1 f5 15.f3 Nf7 16.b4 b6
17.bxc5 bxc5 18.Qa4 Qxa4 19.Nxa4 Bd7 20.Nc3 Rfb8 21.Nb5 Bh6 22.Rb3 Bxb5 23.Rxb5 Nc7
24.Rb3 Rxb3 25.axb3 Be3+ 26.Bf2 Bxf2+ 27.Kxf2 fxe4 28.fxe4 a5 29.Ra1  1/2-1/2

[Event "RUS-chT"]
[Site "Orel"]
[Date "1997.??.??"]
[Round "?"]
[White "Samarin, Igor"]
[Black "Nevostrujev, Vladimir"]
[Result "1/2-1/2"]
[WhiteElo "2395"]
[BlackElo "2410"]

1.Nf3 Nf6 2.c4 g6 3.Nc3 Bg7 4.e4 O-O 5.d4 d6 6.Be2 e5 7.O-O exd4 8.Nxd4 Re8
9.f3 Nc6 10.Be3 Nh5 11.Nxc6 bxc6 12.Qd2 f5 13.c5  1/2-1/2

[Event "Orel"]
[Site "Orel"]
[Date "1997.??.??"]
[Round "?"]
[White "Kiselev, Sergey"]
[Black "Goloshchapov, Alexander"]
[Result "1/2-1/2"]
[WhiteElo "2485"]
[BlackElo "2455"]

1.d4 Nf6 2.Nf3 g6 3.c4 Bg7 4.Nc3 O-O 5.e4 d6 6.Be2 e5 7.O-O Na6 8.Re1 c6
9.Bf1 Bg4 10.d5 c5  1/2-1/2

[Event "RUS-chT"]
[Site "Orel"]
[Date "1997.??.??"]
[Round "?"]
[White "Gleizerov, Evgeny"]
[Black "Isupov, Vladimir"]
[Result "1/2-1/2"]
[WhiteElo "2545"]
[BlackElo "2375"]

1.d4 Nf6 2.c4 g6 3.Nc3 Bg7 4.e4 d6 5.Nf3 O-O 6.Be2 e5 7.O-O Na6 8.Be3 c6
9.d5 Ng4 10.Bg5 f6 11.Bc1 c5 12.Ne1 Nh6 13.Nd3 Nf7 14.a3 Bd7 15.b4 b6 16.Rb1 Qc8
17.Bd2 f5 18.f3 Bf6 19.Kh1 Kh8 20.Rb2 f4 21.b5 Nc7  1/2-1/2

[Event "Ozery op2 Seniors"]
[Site "Ozery"]
[Date "1997.??.??"]
[Round "8"]
[White "Leonidov, Vladimir"]
[Black "Rutman, A."]
[Result "1/2-1/2"]
[WhiteElo "2295"]
[BlackElo "2315"]

1.d4 Nf6 2.c4 g6 3.Nc3 Bg7 4.e4 d6 5.Nf3 O-O 6.Be2 e5 7.dxe5 dxe5 8.Qxd8 Rxd8
9.Bg5 Re8 10.O-O-O Na6 11.Ne1 c6 12.Nc2 Nc5 13.f3 Ne6 14.Be3 Bf8 15.b4 a5
16.a3 axb4 17.axb4 c5 18.Nd5 Nxd5 19.cxd5 Nd4 20.Nxd4 exd4 21.Bb5 Bd7 22.Bxd7 Red8
23.Bg5 Rxd7 24.bxc5 Bxc5 25.Kb2 Ra4 26.Bd2 b5 27.Ra1 Rda7 28.Rxa4 Rxa4 29.Ra1 f6
30.Ra2 Kf7 31.Kb3 Rxa2 32.Kxa2 Ke7 33.Kb3 Kd7 34.Kc2 Kc7 35.Kd3 Kb6 36.f4 Kc7
37.Bc1 Kd6 38.g4 f5 39.h3 b4 40.Bb2 h5 41.exf5 gxf5 42.g5 Kxd5 43.g6 Ke6
44.Bxd4 Bd6 45.Ke3 b3 46.Bb2 Bc5+ 47.Kd3 Bd6 48.Kc4 Bxf4 49.Kxb3 Bh6 50.Kc4 f4
51.Kd3 Kf5 52.g7 Bxg7 53.Bxg7 Kg5 54.Ke4 Kh4  1/2-1/2

[Event "Paris op"]
[Site "Paris"]
[Date "1997.??.??"]
[Round "?"]
[White "Lazarev, Vladimir"]
[Black "Tkachiev, Vladislav"]
[Result "0-1"]
[WhiteElo "2450"]
[BlackElo "2630"]

1.d4 Nf6 2.c4 g6 3.Nc3 Bg7 4.e4 d6 5.Nf3 O-O 6.Be2 e5 7.Be3 Na6 8.O-O Ng4
9.Bg5 Qe8 10.dxe5 dxe5 11.h3 Nf6 12.a3 Nc5 13.Qc2 Ne6 14.Be3 Nd7 15.Rad1 f5
16.exf5 gxf5 17.Ng5 Nxg5 18.Bxg5 c6 19.Rd6 Nc5 20.Bh6 Bxh6 21.Rxh6 Ne6 22.Qd3 Nf4
23.Qg3+ Kh8 24.Qh4 Qf7 25.Rd1 Be6 26.Rd6 Rae8 27.Bf1 Qe7 28.c5 Ng6 29.Qh5 Nf4
30.Qh4 Qxh4 31.Rxh4 Rd8 32.g3 Rxd6 33.cxd6 Ng6 34.Ra4 a6 35.h4 Kg7 36.Ra5 Kf6
37.h5 Nh8 38.f4 exf4 39.gxf4 Nf7 40.Kf2 Rd8 41.Bd3 Nxd6 42.Re5 Nf7 43.Re3 Nh6
44.Ke1 Bf7 45.Rh3 c5 46.Ne2 c4 47.Bc2 b5 48.Nc3 Rd6 49.Ke2 Ng4 50.Ke1 h6
51.Bd1 Rd4 52.Bf3 Rd3 53.Ke2 Ke6 54.Ke1 Ne3 55.Kf2 Ng4+ 56.Ke1 Nf6 57.Ke2 Be8
58.Rh2 a5 59.Rh4 b4 60.axb4 axb4 61.Nd1 Ba4 62.Ne3 Rb3 63.Nd1 Rxf3 64.Kxf3 Bxd1+
65.Ke3 c3 66.bxc3 bxc3  0-1

[Event "PER-ch45"]
[Site "Peru"]
[Date "1997.??.??"]
[Round "8"]
[White "Oblitas, Carlomagno"]
[Black "Pacheco Asmat, Jorge"]
[Result "1/2-1/2"]
[WhiteElo "2420"]
[BlackElo "2375"]

1.d4 d6 2.c4 Nf6 3.Nc3 g6 4.e4 Bg7 5.Be2 O-O 6.Nf3 e5 7.dxe5 dxe5 8.Qxd8 Rxd8
9.Bg5 Rf8 10.O-O-O Nbd7 11.Nd5 c6  1/2-1/2

[Event "World op"]
[Site "Philadelphia"]
[Date "1997.??.??"]
[Round "5"]
[White "Vigorito, David"]
[Black "Sherzer, Alex"]
[Result "1-0"]
[WhiteElo "2350"]
[BlackElo "2500"]

1.d4 Nf6 2.c4 g6 3.Nc3 Bg7 4.e4 d6 5.Nf3 O-O 6.Be2 e5 7.d5 a5 8.Bg5 h6 9.Bh4 Qe8
10.Nd2 Na6 11.O-O Nh7 12.a3 h5 13.f3 Bd7 14.Rb1 a4 15.Nb5 Bh6 16.Bf2 b6 17.b4 axb3
18.Nxb3 Bxb5 19.cxb5 Nc5 20.Nxc5 dxc5 21.a4 Qe7 22.Qc2 Nf6 23.Ra1 Nd7 24.Bd3 Ra7
25.Ra2 Rfa8 26.Rfa1 h4 27.Kh1 Kg7 28.Qe2 Ra5 29.Be1 Bf4 30.Bxa5 Rxa5 31.Bc4 Nf6
32.d6 Qxd6 33.Rd1 Qe7 34.Qd3 Ra8 35.Ra3 Qf8 36.Qc3 Ra5 37.Kg1 Qe7 38.Qd3 Ra8
39.Qc3 Ra5 40.Qd3 Ne8 41.Qd7 Qf8 42.Qc8  1-0

[Event "Pinar del Rio"]
[Site "Pinar del Rio"]
[Date "1997.??.??"]
[Round "7"]
[White "Elissalt Cardenas, Hector"]
[Black "Cabrera, Alexis"]
[Result "0-1"]
[WhiteElo "2410"]
[BlackElo "2395"]

1.d4 Nf6 2.c4 g6 3.Nc3 Bg7 4.e4 d6 5.Nf3 O-O 6.Be2 e5 7.O-O exd4 8.Nxd4 Nc6
9.Nc2 Re8 10.f3 Nh5 11.Nd5 f5 12.g4 fxg4 13.fxg4 Nf6 14.Bg5 Rf8 15.Nce3 Ne5
16.c5 Be6 17.Rc1 c6 18.Nxf6+ Bxf6 19.Bxf6 Rxf6 20.Qxd6 Rxf1+ 21.Rxf1 Qxd6
22.cxd6 Bxa2 23.b3 b5 24.Rc1 Bxb3 25.Rc5 a5 26.Rxe5 a4 27.d7 Kf7 28.Bd1 Bxd1
29.Nxd1 a3 30.Rc5 a2 31.Rc1 b4 32.Kf2 Rd8 33.Ke3 Rxd7 34.Nb2 c5 35.g5 b3
36.h4 c4 37.Nxc4 Rc7 38.Rf1+ Ke7 39.Nb2 Rc2 40.Na4 b2 41.Nxb2 Rxb2 42.Ra1 Rb3+
43.Kd2 Ra3 44.Kc2 Ke6 45.Kb2 Ra5 46.Kb3 Ke5 47.Kb2 Ra6 48.Kc2 Kxe4 49.Kb2 Kf4  0-1

[Event "Plzen KB opJ-A"]
[Site "Plzen"]
[Date "1997.??.??"]
[Round "2"]
[White "Cvek, Robert"]
[Black "Adamek, Petr"]
[Result "1-0"]
[WhiteElo "2390"]
[BlackElo "2115"]

1.d4 Nf6 2.Nf3 g6 3.c4 Bg7 4.Nc3 O-O 5.e4 d6 6.Be2 e5 7.d5 Nbd7 8.Bg5 h6
9.Bh4 g5 10.Bg3 Ne8 11.Nd2 f5 12.exf5 Ndf6 13.Bd3 Rf7 14.Qe2 Bf8 15.h4 g4
16.Nde4 Nxe4 17.Qxg4+ Ng5 18.hxg5 Qxg5 19.Qxg5+ hxg5 20.Ne4 Bxf5 21.Ke2 Be7
22.Rh6 Rh7 23.Rxh7 Bxh7 24.Rh1 Kg7 25.f3 Bg6 26.Bf2 b6 27.Be3 Bxe4 28.Bxe4 Nf6
29.Bf5 Rh8 30.Rxh8 Kxh8 31.g4 Kg7 32.Kd3 Ng8 33.Be6 Nh6 34.Kc3 a5 35.b4 axb4+
36.Kxb4 Nf7 37.Kb5 Nd8 38.Bc8 Kf7 39.a4 Ke8 40.Ka6 Nf7 41.Be6 Nh8 42.Bf5 Kd8
43.Kb7 Nf7 44.Be4 Nh6 45.Bd2 Kd7 46.a5 bxa5 47.Bxa5 Bd8 48.Bh7 e4 49.fxe4 Ke7
50.Bf5 Nf7 51.Bc3 Kf8 52.Kc8 Ke7 53.Bg6  1-0

[Event "Plzen KB opJ-A"]
[Site "Plzen"]
[Date "1997.??.??"]
[Round "7"]
[White "Klima, Lukas"]
[Black "Voller, Jiri"]
[Result "1-0"]
[WhiteElo "2270"]
[BlackElo "2260"]

1.d4 Nf6 2.c4 g6 3.Nc3 Bg7 4.e4 d6 5.Nf3 O-O 6.Be2 e5 7.dxe5 dxe5 8.Qxd8 Rxd8
9.Bg5 Na6 10.Nd5 Rd6 11.Nd2 c6 12.Ne7+ Kf8 13.Nxc8 Rxc8 14.Be3 c5 15.O-O-O Rcd8
16.f3 Ng8 17.g3 b6 18.Nb1 Nb4 19.Nc3 Ne7 20.a3 Rxd1+ 21.Rxd1 Rxd1+ 22.Bxd1 Nbc6
23.Kd2 Nd4 24.Kd3 Nec6 25.Nd5 Ke8 26.Ba4 Kd7 27.Bxd4 exd4 28.b4 Kd6 29.Bxc6 Kxc6
30.b5+ Kd6 31.Nf4 Bh6 32.Ng2 Bg5 33.f4 Bd8 34.e5+ Ke6 35.Ke4 f6 36.exf6 Bxf6
37.Ne1 Bd8 38.Nf3 Bf6 39.g4 Kd6 40.a4 Ke6 41.Ne1 Bd8 42.Nd3 Bc7 43.a5 Bb8
44.a6 Bc7 45.h3 Bb8 46.Ne1 Bc7 47.Nf3 h6 48.Nd2 Bd8 49.Nf1 Bh4 50.Nh2 Bd8
51.f5+ gxf5+ 52.gxf5+ Kd6 53.Ng4  1-0

[Event "Plzen KB opJ-A"]
[Site "Plzen"]
[Date "1997.??.??"]
[Round "7"]
[White "Pedersen, N."]
[Black "Tupy, Martin"]
[Result "1/2-1/2"]
[WhiteElo "2300"]
[BlackElo "2235"]

1.d4 Nf6 2.c4 g6 3.Nc3 Bg7 4.e4 d6 5.Be2 O-O 6.Nf3 e5 7.d5 a5 8.Nd2 Na6 9.h4 h5
10.f3 c6 11.Nf1 cxd5 12.cxd5 Bd7 13.Be3 Nc5 14.Nd2 Qe7 15.Bg5 Rfb8 16.a4 Qf8
17.Nc4 b6 18.Rb1 Nxa4 19.Nxa4 Bxa4 20.Qxa4 b5 21.Qc2  1/2-1/2

[Event "Plzen KB opJ-A"]
[Site "Plzen"]
[Date "1997.??.??"]
[Round "8"]
[White "Rozmbersky, David"]
[Black "Jirovsky, Petr"]
[Result "0-1"]
[WhiteElo "2120"]
[BlackElo "2395"]

1.d4 Nf6 2.c4 g6 3.Nc3 Bg7 4.e4 d6 5.Nf3 O-O 6.Be2 e5 7.O-O exd4 8.Nxd4 Re8
9.f3 Nc6 10.Be3 Nh5 11.Nxc6 bxc6 12.Qd2 Qe7 13.Rfe1 f5 14.Bd3 f4 15.Bf2 Be5
16.c5 Be6 17.Ne2 Qf6 18.cxd6 cxd6 19.Rac1 Bxa2 20.b4 Bf7 21.Rxc6 Ng7 22.Rc7 g5
23.Bb5 Rec8 24.Rec1 Rxc7 25.Rxc7 d5 26.Rxf7 Qxf7 27.Bc6 Rd8 28.Bxd5 Kh8 29.Qa2 Qe7
30.Nd4 Bxd4 31.Bxd4 Qxb4 32.Qa1 Rd7 33.h4 gxh4 34.Bxa7 h6 35.Bf2 Qe7 36.Qa6 Kh7
37.Qc8 h3 38.Bg8+ Kh8 39.Bd5+ Kh7 40.Bg8+ Kg6 41.gxh3 Ne6 42.h4 Kg7 43.Kg2 h5
44.Be1 Nf8 45.Bb3 Kh6 46.Qc4 Ng6 47.Kh3 Rd6 48.Qg8 Qd7+ 49.Kh2 Rd2+ 50.Bxd2 Qxd2+
51.Kg1 Qe1+ 52.Kh2 Qf2+ 53.Kh1 Qxf3+ 54.Kg1 Qg3+ 55.Kf1 f3  0-1